[Event "Leuven op"]
[Site "Leuven"]
[Date "2019.11.10"]
[Round "4"]
[White "Roos, Adrian"]
[Black "De Block, Fabio"]
[Result "1/2-1/2"]
[WhiteElo "2304"]
[BlackElo "2018"]
[PlyCount "41"]
[EventDate "2019.11.08"]
[EventType "swiss"]
[EventRounds "7"]
[EventCountry "BEL"]
[SourceTitle "CBM 193 Extra"]
[Source "ChessBase"]
[SourceDate "2020.01.31"]
[SourceVersion "1"]
[SourceVersionDate "2020.01.31"]
[SourceQuality "1"]

1. Nf3 d5 2. c4 c6 3. d4 e6 4. Qc2 Nf6 5. g3 Bd6 6. Bg2 Nbd7 7. 0-0 0-0 8. Nbd2 Re8 9. Rd1 Qe7 10. e4 dxe4 11. Nxe4 Nxe4 12. Qxe4 e5 13. dxe5 Nxe5 14. Nxe5 Bxe5 15. Bf4 Bf6 16. Qxe7 Bxe7 17. Rd3 Bc5 18. Bf3 Bf5 19. Rb3 Re7 20. Kg2 Rd8 21. Rd1 1/2-1/2

[Event "Charleroi op"]
[Site "Roux"]
[Date "2019.08.01"]
[Round "7"]
[White "Godde, Matthias"]
[Black "De Block, Fabio"]
[Result "1/2-1/2"]
[WhiteElo "1989"]
[BlackElo "2039"]
[PlyCount "67"]
[EventDate "2019.07.27"]
[EventType "swiss"]
[EventRounds "9"]
[EventCountry "BEL"]
[SourceTitle "CBM 191 Extra"]
[Source "ChessBase"]
[SourceDate "2019.09.30"]
[SourceVersion "1"]
[SourceVersionDate "2019.09.30"]
[SourceQuality "1"]

1. e4 c6 2. d3 d5 3. Nd2 e5 4. Ngf3 Bd6 5. d4 exd4 6. exd5 cxd5 7. Nxd4 Nf6 8. Bb5+ Bd7 9. Qe2+ Qe7 10. Bxd7+ Nbxd7 11. Qxe7+ Bxe7 12. Nf5 Bf8 13. 0-0 0-0-0 14. Nf3 h6 15. Bf4 g6 16. N5d4 Bc5 17. Rad1 Ne4 18. Nb3 g5 19. Nxc5 Ndxc5 20. Be3 Rhe8 21. Bd4 f6 22. Ne1 Nd7 23. f3 Nec5 24. Kf2 b6 25. Nd3 Nxd3+ 26. Rxd3 Ne5 27. Bxe5 Rxe5 28. Rfd1 Kc7 29. c4 Kc6 30. b4 a5 31. a3 axb4 32. axb4 b5 33. c5 Ra8 34. R3d2 1/2-1/2

[Event "Charleroi op"]
[Site "Roux"]
[Date "2019.07.29"]
[Round "3"]
[White "De Block, Fabio"]
[Black "Ramacker, Quinten"]
[Result "0-1"]
[WhiteElo "2039"]
[BlackElo "2006"]
[PlyCount "102"]
[EventDate "2019.07.27"]
[EventType "swiss"]
[EventRounds "9"]
[EventCountry "BEL"]
[SourceTitle "CBM 191 Extra"]
[Source "ChessBase"]
[SourceDate "2019.09.30"]
[SourceVersion "1"]
[SourceVersionDate "2019.09.30"]
[SourceQuality "1"]

1. d4 Nf6 2. c4 e6 3. Nc3 d5 4. cxd5 exd5 5. Qc2 Be7 6. Nf3 0-0 7. g3 Nc6 8. a3 Re8 9. Bg2 Ne4 10. 0-0 Bf5 11. Qb3 Na5 12. Qxd5 Nxc3 13. Qxf5 Nxe2+ 14. Kh1 Nb3 15. Ng5 Bxg5 16. Bxg5 Nexd4 17. Qg4 Qd6 18. Rad1 Qg6 19. h3 c6 20. Be3 Nf5 21. Qxg6 hxg6 22. Rd7 Rxe3 23. fxe3 Nxg3+ 24. Kg1 Nxf1 25. Bxf1 Nc5 26. Rc7 Rb8 27. Bc4 Ne6 28. Bxe6 fxe6 29. Re7 Kf8 30. Rxe6 Re8 31. Rxe8+ Kxe8 32. Kf2 Ke7 33. Kf3 Kf6 34. Kf4 g5+ 35. Ke4 Ke6 36. b4 b6 37. a4 a6 38. Kd4 Kf5 39. a5 bxa5 40. bxa5 g4 41. hxg4+ Kxg4 42. Kc5 g5 43. Kxc6 Kf5 44. Kb6 g4 45. Kxa6 g3 46. Kb7 g2 47. a6 g1Q 48. a7 Qb1+ 49. Kc7 Qc2+ 50. Kb7 Qb3+ 51. Kc7 Qc4+ 0-1

[Event "Ghent Eastman op 42nd"]
[Site "Ghent"]
[Date "2019.07.20"]
[Round "2"]
[White "De Block, Fabio"]
[Black "Froeyman, Helmut"]
[Result "0-1"]
[WhiteElo "2039"]
[BlackElo "2269"]
[PlyCount "90"]
[EventDate "2019.07.20"]
[EventType "swiss"]
[EventRounds "9"]
[EventCountry "BEL"]
[SourceTitle "CBM 191 Extra"]
[Source "ChessBase"]
[SourceDate "2019.09.30"]
[SourceVersion "1"]
[SourceVersionDate "2019.09.30"]
[SourceQuality "1"]

1. d4 f5 2. Nf3 Nf6 3. g3 e6 4. Bg2 d5 5. 0-0 Bd6 6. c4 c6 7. b3 Qe7 8. a4 a5 9. Ba3 b6 10. Bxd6 Qxd6 11. Qc2 Na6 12. Rc1 0-0 13. cxd5 Nb4 14. Qd1 cxd5 15. Na3 Ba6 16. Ne5 Nd7 17. Nf3 Rac8 18. Nb5 Bxb5 19. axb5 h6 20. Ne1 Nf6 21. Nd3 Nxd3 22. Qxd3 Qd7 23. f3 Rfd8 24. Rxc8 Rxc8 25. e4 dxe4 26. fxe4 fxe4 27. Bxe4 Rd8 28. Rd1 Nxe4 29. Qxe4 Qd5 30. Qg6 Qxb3 31. Re1 Rd6 32. Qe8+ Kh7 33. Rf1 Qe3+ 34. Kg2 Qe4+ 35. Kh3 Qg6 36. Qb8 Qh5+ 37. Kg2 Qd5+ 38. Kh3 e5 39. dxe5 Qxe5 40. Qf8 Qh5+ 41. Kg2 Qd5+ 42. Kh3 Rd8 43. Qe7 Qh5+ 44. Kg2 Rd2+ 45. Rf2 Qd5+ 0-1

[Event "BEL-ch op"]
[Site "Niel"]
[Date "2017.07.03"]
[Round "3"]
[White "De Block, Fabio"]
[Black "Mitran, Marie"]
[Result "1-0"]
[WhiteElo "1889"]
[BlackElo "1624"]
[PlyCount "51"]
[EventDate "2017.07.01"]
[EventType "swiss"]
[EventRounds "9"]
[EventCountry "BEL"]
[SourceTitle "EXT 2018"]
[Source "ChessBase"]
[SourceDate "2017.10.13"]
[SourceVersion "1"]
[SourceVersionDate "2017.10.13"]
[SourceQuality "1"]

1. d4 d5 2. Bf4 Nf6 3. e3 e6 4. Bd3 g6 5. Nf3 Bg7 6. h3 Nbd7 7. 0-0 b6 8. a4 Bb7 9. Na3 a6 10. Rc1 0-0 11. c4 c6 12. b4 Rc8 13. c5 b5 14. axb5 axb5 15. Nxb5 cxb5 16. Bxb5 Nxc5 17. bxc5 Bc6 18. Bxc6 Rxc6 19. Qa4 Rc8 20. Rb1 Qd7 21. Qc2 Ne8 22. Rb2 Rc6 23. Rfb1 Nc7 24. Rb7 Rc8 25. Qa4 h6 26. R1b6 1-0

[Event "BEL-ch op"]
[Site "Niel"]
[Date "2017.07.02"]
[Round "2"]
[White "Barbier, Wim"]
[Black "De Block, Fabio"]
[Result "1-0"]
[WhiteElo "2107"]
[BlackElo "1889"]
[PlyCount "81"]
[EventDate "2017.07.01"]
[EventType "swiss"]
[EventRounds "9"]
[EventCountry "BEL"]
[SourceTitle "EXT 2018"]
[Source "ChessBase"]
[SourceDate "2017.10.13"]
[SourceVersion "1"]
[SourceVersionDate "2017.10.13"]
[SourceQuality "1"]

1. c4 c6 2. g3 d5 3. Nf3 Nf6 4. Bg2 Bf5 5. cxd5 cxd5 6. Qb3 Nc6 7. 0-0 Qd7 8. d3 e5 9. Nc3 d4 10. Ne4 Nxe4 11. dxe4 Be6 12. Qa4 f6 13. Ne1 Be7 14. f4 0-0 15. Nd3 a6 16. a3 b5 17. Qd1 Rac8 18. Bd2 Rc7 19. b4 Rfc8 20. a4 Bc4 21. axb5 axb5 22. Qb1 Bd6 23. Ra6 Qe7 24. Bh3 Rd8 25. Rc1 Nb8 26. Ra5 Ra7 27. fxe5 fxe5 28. Bg5 Qxg5 29. Rxa7 Qe3+ 30. Nf2 Rf8 31. Rf1 Qxe2 32. Ng4 d3 33. Re1 Qd2 34. Ra8 Bxb4 35. Rf1 Bc5+ 36. Kh1 Rd8 37. Nxe5 Qe3 38. Nxc4 bxc4 39. Rxb8 Qxe4+ 40. Bg2 Qd4 41. Qb7 1-0

[Event "BEL-ch op"]
[Site "Niel"]
[Date "2017.07.01"]
[Round "1"]
[White "De Block, Fabio"]
[Black "Lee, Deon"]
[Result "1/2-1/2"]
[WhiteElo "1889"]
[BlackElo "2137"]
[PlyCount "74"]
[EventDate "2017.07.01"]
[EventType "swiss"]
[EventRounds "9"]
[EventCountry "BEL"]
[SourceTitle "EXT 2018"]
[Source "ChessBase"]
[SourceDate "2017.10.13"]
[SourceVersion "1"]
[SourceVersionDate "2017.10.13"]
[SourceQuality "1"]

1. d4 Nf6 2. c4 e6 3. Nc3 Bb4 4. a3 Bxc3+ 5. bxc3 b6 6. e3 Bb7 7. Nf3 d6 8. Be2 Nbd7 9. 0-0 0-0 10. Qc2 Qe7 11. Nd2 e5 12. Nb3 Rae8 13. f3 g6 14. e4 Nh5 15. Bh6 Ng7 16. Bd3 Qh4 17. Be3 f5 18. Bf2 Qh5 19. c5 Nf6 20. cxd6 cxd6 21. d5 fxe4 22. fxe4 Ng4 23. h3 Nxf2 24. Rxf2 Rxf2 25. Qxf2 Rf8 26. Qe3 Qh4 27. a4 Nh5 28. a5 Nf4 29. Bf1 Bc8 30. Kh2 Qh5 31. axb6 axb6 32. Nd2 g5 33. Nc4 g4 34. Nxd6 gxh3 35. g3 Ng2 36. Qxb6 Bg4 37. Nf5 Bxf5 1/2-1/2

[Event "BEL-ch U18"]
[Site "Blankenberge"]
[Date "2017.04.14"]
[Round "8"]
[White "De Block, Fabio"]
[Black "Steegmans, Pieter"]
[Result "1-0"]
[WhiteElo "1893"]
[BlackElo "1666"]
[PlyCount "73"]
[EventDate "2017.04.09"]
[EventType "swiss"]
[EventRounds "9"]
[EventCountry "BEL"]
[SourceTitle "CBM 178 Extra"]
[Source "ChessBase"]
[SourceDate "2017.06.22"]
[SourceVersion "1"]
[SourceVersionDate "2017.06.22"]
[SourceQuality "1"]

1. d4 Nf6 2. Nf3 c5 3. e3 cxd4 4. exd4 d5 5. Bd3 Bg4 6. c3 Nc6 7. 0-0 e6 8. Nbd2 Bd6 9. Re1 Qc7 10. Nf1 Bh5 11. Ng3 Bg6 12. Nf5 0-0-0 13. Nxd6+ Qxd6 14. Ne5 Qc7 15. Bf4 Bxd3 16. Qxd3 Nxe5 17. Bxe5 Qc4 18. Qf3 Rdf8 19. b3 Qc6 20. Rac1 Kd7 21. Qe2 Rc8 22. c4 Rhg8 23. Bf4 Ke7 24. Qd2 Rgd8 25. Qa5 Qb6 26. Qa3+ Ke8 27. Be5 Rc6 28. c5 Qa6 29. Qb2 Kf8 30. b4 Qb5 31. a4 Qxa4 32. b5 Rcc8 33. Ra1 Qc4 34. Rxa7 Rd7 35. h3 Ne8 36. c6 Re7 37. cxb7 1-0

[Event "BEL-ch U18"]
[Site "Blankenberge"]
[Date "2017.04.12"]
[Round "6"]
[White "De Block, Fabio"]
[Black "Lee, Deon"]
[Result "1/2-1/2"]
[WhiteElo "1893"]
[BlackElo "2137"]
[PlyCount "134"]
[EventDate "2017.04.09"]
[EventType "swiss"]
[EventRounds "9"]
[EventCountry "BEL"]
[SourceTitle "CBM 178 Extra"]
[Source "ChessBase"]
[SourceDate "2017.06.22"]
[SourceVersion "1"]
[SourceVersionDate "2017.06.22"]
[SourceQuality "1"]

1. d4 Nf6 2. c4 e6 3. Nc3 Bb4 4. a3 Bxc3+ 5. bxc3 Ne4 6. Qc2 f5 7. e3 b6 8. Nf3 Bb7 9. Bd3 0-0 10. 0-0 d6 11. Nd2 Nxd2 12. Bxd2 Qh4 13. f4 Nd7 14. e4 Nf6 15. Be1 Qh5 16. Bg3 Nxe4 17. Bxe4 Bxe4 18. Qd2 h6 19. Rad1 g5 20. Qe3 Kh7 21. Rd2 Rg8 22. Re2 Rg7 23. Ref2 Rag8 24. Re1 Qe8 25. d5 e5 26. fxe5 dxe5 27. Rd2 Qe7 28. Red1 Rg6 29. Bf2 Qxa3 30. c5 bxc5 31. Qxc5 Qxc5 32. Bxc5 a5 33. Rb2 Ra6 34. c4 a4 35. Ba3 Rd8 36. Rb7 Rd7 37. Re1 Kg6 38. g4 Bf3 39. Rxe5 fxg4 40. Kf2 Rf6 41. Ke3 Rdf7 42. Kd4 c5+ 43. dxc6 Rxb7 44. cxb7 Bxb7 45. Ra5 Bc6 46. Kc3 Kh5 47. Ra6 g3 48. hxg3 Kg4 49. Be7 Re6 50. Bf8 Kxg3 51. c5 Kf3 52. Kb4 g4 53. Bd6 Be8 54. Ra7 g3 55. Rg7 g2 56. Bh2 Kf2 57. Rg4 Rf6 58. Be5 Rf3 59. Bd4+ Kf1 60. Re4 Rb3+ 61. Ka5 Bc6 62. Re6 g1Q 63. Bxg1 Kxg1 64. Rxc6 a3 65. Rg6+ Kf2 66. Rxh6 Rg3 67. Kb5 a2 1/2-1/2

[Event "BEL-ch U18"]
[Site "Blankenberge"]
[Date "2017.04.10"]
[Round "3"]
[White "De Block, Fabio"]
[Black "De Baets, Keano"]
[Result "1-0"]
[WhiteElo "1893"]
[BlackElo "1677"]
[PlyCount "105"]
[EventDate "2017.04.09"]
[EventType "swiss"]
[EventRounds "9"]
[EventCountry "BEL"]
[SourceTitle "CBM 178 Extra"]
[Source "ChessBase"]
[SourceDate "2017.06.22"]
[SourceVersion "1"]
[SourceVersionDate "2017.06.22"]
[SourceQuality "1"]

1. d4 d6 2. Nf3 g6 3. g3 Bg7 4. Bg2 Nd7 5. 0-0 e5 6. e4 Ne7 7. Nc3 0-0 8. Be3 c6 9. d5 Qc7 10. Qd2 f5 11. Rad1 fxe4 12. Ng5 Nf6 13. dxc6 d5 14. cxb7 Qxb7 15. Bc5 Bh6 16. Bxe7 Bxg5 17. Qxg5 Qxe7 18. h4 Be6 19. Qxe5 Ng4 20. Nxd5 Qf7 21. Qxe4 Rad8 22. Nf4 Bf5 23. Qe2 Nf6 24. c4 Rde8 25. Qd2 Qxc4 26. Bd5+ Nxd5 27. Qxd5+ Qxd5 28. Rxd5 Rc8 29. Ra5 Rf7 30. Re1 Rc2 31. b4 Rb7 32. a3 Kf7 33. Rae5 Ra2 34. R5e3 a5 35. bxa5 Ra7 36. Rc1 Rxa5 37. Rc7+ Kf8 38. Ne6+ Bxe6 39. Rxe6 Rf5 40. Rb6 Kg8 41. Rb8+ Rf8 42. Rxf8+ Kxf8 43. Rxh7 Rxa3 44. Kg2 Kg8 45. Rc7 Rd3 46. g4 Rb3 47. f3 Rb1 48. Kg3 Rh1 49. Rc5 Kg7 50. h5 gxh5 51. Rxh5 Rb1 52. Rd5 Kg6 53. Rd6+ 1-0

[Event "Brasschaat op 15th"]
[Site "Brasschaat"]
[Date "2015.08.18"]
[Round "4"]
[White "Sandu, Mihaela"]
[Black "De Block, Fabio"]
[Result "1-0"]
[WhiteElo "2335"]
[BlackElo "1887"]
[PlyCount "71"]
[EventDate "2015.08.15"]
[EventType "swiss"]
[EventRounds "9"]
[EventCountry "BEL"]
[SourceTitle "EXT 2016"]
[Source "ChessBase"]
[SourceDate "2015.10.08"]
[SourceVersion "1"]
[SourceVersionDate "2015.10.08"]
[SourceQuality "1"]

1. e4 c6 2. c4 d5 3. exd5 cxd5 4. cxd5 Nf6 5. Nc3 Nxd5 6. Nf3 Bg4 7. Bc4 Nxc3 8. Qb3 e6 9. Qxb7 Bxf3 10. gxf3 Nd7 11. dxc3 Rb8 12. Qxa7 Bc5 13. Qa4 0-0 14. Be2 Ne5 15. 0-0 Qf6 16. Qe4 Ng6 17. Kh1 Bd6 18. Rg1 Nf4 19. Bf1 Rfc8 20. Rg4 g5 21. Bd3 h5 22. Bxf4 Bxf4 23. Rxf4 gxf4 24. Rg1+ Kf8 25. Qa4 Qe5 26. Bh7 Ke7 27. b3 Qxc3 28. Qxf4 Qf6 29. Qe3 Rb7 30. Be4 Rc3 31. Qd2 Rbc7 32. Rd1 Kf8 33. Qd6+ Kg7 34. Rg1+ Kh6 35. Qf8+ Qg7 36. Qxg7# 1-0

[Event "Brasschaat op 15th"]
[Site "Brasschaat"]
[Date "2015.08.17"]
[Round "3"]
[White "De Block, Fabio"]
[Black "Boucquet, Emile"]
[Result "0-1"]
[WhiteElo "1887"]
[BlackElo "2161"]
[PlyCount "48"]
[EventDate "2015.08.15"]
[EventType "swiss"]
[EventRounds "9"]
[EventCountry "BEL"]
[SourceTitle "EXT 2016"]
[Source "ChessBase"]
[SourceDate "2015.10.08"]
[SourceVersion "1"]
[SourceVersionDate "2015.10.08"]
[SourceQuality "1"]

1. d4 d5 2. Bf4 Nf6 3. e3 c5 4. c3 Qb6 5. Qb3 c4 6. Qxb6 axb6 7. Bxb8 Rxb8 8. b3 b5 9. Na3 Bd7 10. f3 Ra8 11. Nc2 Bf5 12. Kd2 e6 13. b4 g5 14. h3 h5 15. Ne2 Bd6 16. g3 Bd3 17. h4 g4 18. Nf4 Bxf1 19. Rhxf1 gxf3 20. Kc1 Ne4 21. Kb2 f2 22. Rac1 Kd7 23. Na3 Bxb4 24. Nxb5 Be7 0-1

[Event "Brasschaat op 15th"]
[Site "Brasschaat"]
[Date "2015.08.16"]
[Round "2"]
[White "De Block, Fabio"]
[Black "Rouffignac, Tanguy"]
[Result "1-0"]
[WhiteElo "1887"]
[BlackElo "2245"]
[PlyCount "75"]
[EventDate "2015.08.15"]
[EventType "swiss"]
[EventRounds "9"]
[EventCountry "BEL"]
[SourceTitle "EXT 2016"]
[Source "ChessBase"]
[SourceDate "2015.10.08"]
[SourceVersion "1"]
[SourceVersionDate "2015.10.08"]
[SourceQuality "1"]

1. d4 Nf6 2. c4 g6 3. Nc3 Bg7 4. e4 d6 5. Nf3 0-0 6. Be2 e5 7. 0-0 Nc6 8. d5 Ne7 9. Ne1 Nd7 10. Nd3 f5 11. f3 Nf6 12. Bd2 c6 13. b4 b5 14. Nf2 bxc4 15. Bxc4 Kh8 16. Rc1 cxd5 17. exd5 Bb7 18. Qb3 Rc8 19. a4 Qb6 20. Rfd1 e4 21. a5 Qd8 22. fxe4 Nxe4 23. Nfxe4 fxe4 24. Be3 a6 25. Nxe4 Nf5 26. Bb6 Qh4 27. Qd3 Rfe8 28. Re1 Be5 29. g3 Qg4 30. Qe2 Qxe2 31. Bxe2 Rxc1 32. Rxc1 Bd4+ 33. Bxd4+ Nxd4 34. Bd3 Rxe4 35. Rc7 Bxd5 36. Bxe4 Bxe4 37. Kf2 Bd3 38. Ke3 1-0

[Event "BEL-ch U16"]
[Site "Blankenberge"]
[Date "2015.04.15"]
[Round "6"]
[White "Ismail, Tamer"]
[Black "De Block, Fabio"]
[Result "1-0"]
[WhiteElo "2071"]
[BlackElo "1880"]
[PlyCount "57"]
[EventDate "2015.04.12"]
[EventType "swiss"]
[EventRounds "9"]
[EventCountry "BEL"]
[SourceTitle "CBM 166 Extra"]
[Source "ChessBase"]
[SourceDate "2015.06.18"]
[SourceVersion "1"]
[SourceVersionDate "2015.06.18"]
[SourceQuality "1"]

1. e4 c6 2. c4 d5 3. cxd5 cxd5 4. exd5 Nf6 5. Nc3 Nbd7 6. Bc4 a6 7. a4 Nb6 8. Bb3 Nbxd5 9. d4 e6 10. Nf3 Be7 11. 0-0 0-0 12. Re1 b6 13. Bg5 Bb7 14. Rc1 Rc8 15. Ne5 Nxc3 16. bxc3 Ne4 17. Bxe7 Qxe7 18. Re3 Qg5 19. Nf3 Qf6 20. Qd3 Nd6 21. Rce1 Nf5 22. Rxe6 fxe6 23. Rxe6 Qd8 24. Rd6+ Kh8 25. Rxd8 Rcxd8 26. Ng5 Rde8 27. h3 h6 28. Nf7+ Kh7 29. Qxf5+ 1-0

[Event "BEL-ch U14"]
[Site "Blankenberge"]
[Date "2014.04.19"]
[Round "9"]
[White "De Block, Fabio"]
[Black "Moerman, Thomas"]
[Result "1-0"]
[WhiteElo "1761"]
[BlackElo "1641"]
[PlyCount "65"]
[EventDate "2014.04.??"]
[EventType "swiss"]
[EventRounds "9"]
[EventCountry "BEL"]
[SourceTitle "EXT 2015"]
[Source "ChessBase"]
[SourceDate "2014.11.20"]
[SourceVersion "1"]
[SourceVersionDate "2014.11.20"]
[SourceQuality "1"]

1. d4 Nf6 2. c4 d6 3. Nc3 g6 4. e4 Bg7 5. Nf3 0-0 6. Be2 Nbd7 7. 0-0 e5 8. d5 Nc5 9. Qc2 a5 10. Be3 b6 11. Ne1 Ng4 12. Bxg4 Bxg4 13. f3 Bd7 14. b3 f5 15. Nd3 f4 16. Bxc5 bxc5 17. a3 Rb8 18. Rab1 h5 19. b4 cxb4 20. axb4 axb4 21. Nxb4 g5 22. Nc6 Bxc6 23. dxc6 g4 24. Nd5 Rxb1 25. Rxb1 gxf3 26. gxf3 Kh8 27. Kh1 Rf7 28. Qg2 Bf6 29. Qg6 Qf8 30. Rb7 Bd8 31. Rb8 Rg7 32. Qf6 Qg8 33. Rxd8 1-0

[Event "BEL-ch U14"]
[Site "Blankenberge"]
[Date "2014.04.17"]
[Round "7"]
[White "De Block, Fabio"]
[Black "Van Malder, Klaus"]
[Result "1-0"]
[WhiteElo "1761"]
[BlackElo "1130"]
[PlyCount "57"]
[EventDate "2014.04.??"]
[EventType "swiss"]
[EventRounds "9"]
[EventCountry "BEL"]
[SourceTitle "EXT 2015"]
[Source "ChessBase"]
[SourceDate "2014.11.20"]
[SourceVersion "1"]
[SourceVersionDate "2014.11.20"]
[SourceQuality "1"]

1. d4 d5 2. Bf4 Nf6 3. e3 e6 4. Bd3 c5 5. c3 Nc6 6. Nf3 Bd6 7. Ne5 0-0 8. Nd2 Qc7 9. Ndf3 c4 10. Bc2 Bxe5 11. Nxe5 Nxe5 12. dxe5 Nd7 13. Qh5 h6 14. h4 Nc5 15. Rh3 f5 16. exf6 Qf7 17. Qe5 Qxf6 18. Rg3 Qxe5 19. Bxe5 Rf7 20. Rd1 b6 21. Bg6 Rd7 22. Ke2 Bb7 23. Rd4 Rad8 24. Rdg4 Re7 25. Bh7+ Kh8 26. Rxg7 Rxg7 27. Rxg7 Rg8 28. Rxb7+ Rg7 29. Rxg7 1-0

[Event "BEL-ch U14"]
[Site "Blankenberge"]
[Date "2014.04.13"]
[Round "1"]
[White "De Block, Fabio"]
[Black "Leboy, Robbe"]
[Result "1-0"]
[WhiteElo "1761"]
[BlackElo "1235"]
[PlyCount "35"]
[EventDate "2014.04.??"]
[EventType "swiss"]
[EventRounds "9"]
[EventCountry "BEL"]
[SourceTitle "EXT 2015"]
[Source "ChessBase"]
[SourceDate "2014.11.20"]
[SourceVersion "1"]
[SourceVersionDate "2014.11.20"]
[SourceQuality "1"]

1. d4 d5 2. Bf4 Nf6 3. e3 g6 4. Bd3 Bg7 5. c3 0-0 6. Nd2 Be6 7. Ngf3 Nbd7 8. Ng5 h6 9. Nxe6 fxe6 10. Bxg6 c5 11. Qf3 cxd4 12. exd4 Ne4 13. Nxe4 dxe4 14. Qxe4 Rf6 15. 0-0 Qf8 16. Bg3 Bh8 17. Bh4 Rf4 18. Bh7+ 1-0

[Event "BEL-ch op"]
[Site "Antwerp"]
[Date "2013.07.11"]
[Round "6"]
[White "De Block, Fabio"]
[Black "Hajenius, Willem"]
[Result "0-1"]
[WhiteElo "1695"]
[BlackElo "1923"]
[PlyCount "60"]
[EventDate "2013.07.06"]
[EventType "swiss"]
[EventRounds "9"]
[EventCountry "BEL"]
[SourceTitle "CBM 155 Extra"]
[Source "ChessBase"]
[SourceDate "2013.08.26"]
[SourceVersion "1"]
[SourceVersionDate "2013.08.26"]
[SourceQuality "1"]

1. d4 f5 2. Bf4 Nf6 3. e3 g6 4. Bd3 Bg7 5. c3 c6 6. Nd2 0-0 7. Ngf3 Qe8 8. Qc2 d6 9. 0-0-0 a5 10. a4 Kh8 11. h4 h5 12. Qb3 b5 13. c4 Ng4 14. Bg3 bxa4 15. Qxa4 Bd7 16. Qa3 a4 17. Bc2 c5 18. Nb1 Na6 19. Nc3 Nb4 20. Rd2 e5 21. dxc5 dxc5 22. Rhd1 Bc6 23. e4 Nxc2 24. Kxc2 fxe4 25. Ng5 e3 26. Re2 Bxg2 27. fxe3 Qc6 28. Nd5 Bf1 29. Red2 Bxc4 30. Kc1 Bb3 0-1

[Event "Enschede op-E U14"]
[Site "Enschede"]
[Date "2009.08.05"]
[Round "5"]
[White "De Block, Fabio"]
[Black "Beukema, Jasper"]
[Result "0-1"]
[WhiteElo "1099"]
[BlackElo "1149"]
[PlyCount "65"]
[EventDate "2009.08.03"]
[EventType "swiss"]
[EventRounds "9"]
[EventCountry "NED"]
[SourceTitle "CBM 132 Extra"]
[Source "ChessBase"]
[SourceDate "2009.11.03"]
[SourceVersion "1"]
[SourceVersionDate "2009.11.03"]
[SourceQuality "1"]

1. e4 e5 2. Nf3 Nc6 3. d4 exd4 4. Nxd4 Bc5 5. Be3 Qf6 6. c3 Nge7 7. Bc4 0-0 8. 0-0 d6 9. Nb5 Bxe3 10. fxe3 Qh6 11. Qf3 Ne5 12. Qe2 Nxc4 13. Qxc4 Qxe3+ 14. Rf2 c6 15. Qe2 Qxe2 16. Rxe2 cxb5 17. Nd2 Be6 18. Rae1 d5 19. exd5 Nxd5 20. g3 Nb6 21. Nf3 Bxa2 22. Rd2 Be6 23. Ng5 Bc4 24. Rd4 Na4 25. Rb1 Nc5 26. b3 Ne6 27. Nxe6 fxe6 28. Rb2 Rf1+ 29. Kg2 Rc1 30. Kh3 Rxc3 31. Rf2 Rxb3 32. Rd7 e5 33. Rxb7 0-1